000
00250nam a2200097Ia 4500
001
917320
005
20250826185911.0
008
250824s9999 xx 000 0 und d
245
0
_a
SERDENGEÇTİ2
_c
OSMAN YÜKSEL SERDENGEÇTİ
260
_b
TEDEV YAYINLARI
999
_c
917320
_d
917320